| 000 | 00576cam a22001571 4500 | ||
|---|---|---|---|
| 020 | _a0436233800 | ||
| 082 | 0 | 0 |
_a956.046 _bKIM _cL-30, P-109 |
| 100 | 1 |
_aKimche, David. _946537 |
|
| 245 | 1 | 4 |
_aThe sandstorm: _bthe Arab-Israeli war of June 1967: prelude and aftermath _c[by] David Kimche and Dan Bawley. |
| 260 |
_aLondon, _bSecker & Warburg, _c1968. |
||
| 300 |
_a319 p. _b4 plates, illus., maps, ports. _c23 cm. |
||
| 526 |
_a0 _b0 _c0 _d956_046000000000000_KIM |
||
| 650 | 0 |
_aIsrael-Arab War, 1967 _xDiplomatic history. _946538 |
|
| 700 | 1 |
_aBawley, Dan, _946539 |
|
| 942 |
_2ddc _cBK |
||
| 999 |
_c549852 _d549852 |
||